000 00523nam a2200169 4500
001 113477
003 ES-MaACL
005 20250929063149.0
007 t|
008 061121s1923 fr r ||||1| fre d
100 1 _aNobécourt, Pierre André Alexandre,
_d1871-1943
_985800
245 1 4 _aLes syndromes endocriniens dans lenfance et la jeunesse /
_cP. Nobecourt.
260 _aParis :
_bErnst Flammarion,
_c1923.
300 _a314 p. :
_bil. ;
_c19 cm.
852 _aES-MaACL
_jB-11740
999 _c113477
_d113477